Информационные технологии в юриспруденции (Запись № 13453528)

Подробности
000 -МАРКЕР
контрольное поле 02749nam0a2200409 4500
001 - ИДЕНТИФИКАТОР ЗАПИСИ
контрольное поле RU\NLR\BIBL_A\022577174
005 - ИДЕНТИФИКАТОР ВЕРСИИ
контрольное поле 20260408084719.0
010 ## - МЕЖДУНАРОДНЫЙ СТАНДАРТНЫЙ НОМЕР КНИГИ (ISBN)
Номер (ISBN) 978-5-00156-425-6
Уточнения Норма
Тираж 100
010 ## - МЕЖДУНАРОДНЫЙ СТАНДАРТНЫЙ НОМЕР КНИГИ (ISBN)
Номер (ISBN) 978-5-16-020799-5
Уточнения ИНФРА-М, print
035 ## - ДРУГИЕ СИСТЕМНЫЕ НОМЕРА
Идентификатор записи (NLR Aleph) 022577174
100 ## - ДАННЫЕ ОБЩЕЙ ОБРАБОТКИ
Данные общей обработки 20250701d2025 |||y0rusy50 ca
101 0# - ЯЗЫК РЕСУРСА
Язык текста, звукозаписи и т.д. русский
102 ## - СТРАНА ПУБЛИКАЦИИ ИЛИ ПРОИЗВОДСТВА
Страна публикации Российская Федерация
105 ## - ПОЛЕ КОДИРОВАННЫХ ДАННЫХ: ТЕКСТОВЫЕ МАТЕРИАЛЫ, МОНОГРАФИЧЕСКИЕ
Кодированные данные о монографическом текстовом документе a j 000yy
181 #0 - ПОЛЕ КОДИРОВАННЫХ ДАННЫХ: ВИД СОДЕРЖАНИЯ
Код вида содержания (ISBD) i
Код характеристики содержания (ISBD) axxe
182 #0 - ПОЛЕ КОДИРОВАННЫХ ДАННЫХ: ТИП СРЕДСТВА
Код типа средства (ISBD) n - непосредственное
200 1# - ЗАГЛАВИЕ И СВЕДЕНИЯ ОБ ОТВЕТСТВЕННОСТИ
Основное заглавие Информационные технологии в юриспруденции
Сведения, относящиеся к заглавию учебник
-- по направлениям и специальностям "Юриспруденция", "Судебная и прокурорская деятельность", "Правоохранительная деятельность", "Правовое обеспечение национальной безопасности"
Первые сведения об ответственности [Архангельская Е. В., кандидат физико-математических наук, доцент, Блинкова О. В., старший преподаватель, Брянцева О. В., кандидат физико-математических наук, доцент и др.]
Последующие сведения об ответственности под редакцией кандидата педагогических наук, доцента П. В. Ересько, доктора юридических наук, профессора С. Е. Чаннова
-- Саратовская государственная юридическая академия
203 ## - ВИД СОДЕРЖАНИЯ И ТИП СРЕДСТВА
Вид содержания Текст
Дополнительные сведения об издании визуальный
Тип средства непосредственный
210 ## - ПУБЛИКАЦИЯ, РАСПРОСТРАНЕНИЕ И ДР.
Место издания, распространения и т.д. Москва
Имя издателя, распространителя и т. д. Норма
-- ИНФРА-М
Дата издания, распространения и т.д. 2025
215 ## - ФИЗИЧЕСКАЯ ХАРАКТЕРИСТИКА
Специфическое обозначение материала и объем 434 с.
Другие сведения о физической характеристике ил., табл.
Размеры 22
300 ## - ОБЩИЕ ПРИМЕЧАНИЯ
Текст примечания Авт. указаны на 5-й с.
300 ## - ОБЩИЕ ПРИМЕЧАНИЯ
Текст примечания На обороте тит. с.: Электрон.-библ. система znanium
301 ## - ПРИМЕЧАНИЯ, ОТНОСЯЩИЕСЯ К ИДЕНТИФИКАЦИОННЫМ НОМЕРАМ
Текст примечания DOI 10.12737/2195291
320 ## - ПРИМЕЧАНИЯ О НАЛИЧИИ В ДОКУМЕНТЕ БИБЛИОГРАФИИ / УКАЗАТЕЛЯ
Текст примечания Библиогр.: с. 433–434 и в подстроч. примеч.
606 1# - НАИМЕНОВАНИЕ ТЕМЫ КАК ПРЕДМЕТ
Наименование темы Право
Формальный подзаголовок Учебники для высших учебных заведений
Тематический подзаголовок Информационные технологии
Системный номер авторитетной/нормативной записи 2121877
Идентификатор авторитетной/нормативной записи RU\NLR\AUTH\661584892
686 1# - ИНДЕКСЫ ДРУГИХ КЛАССИФИКАЦИЙ
Индекс Х62ф.я73
701 #1 - ИМЯ ЛИЦА - АЛЬТЕРНАТИВНАЯ ОТВЕТСТВЕННОСТЬ
Начальный элемент ввода Архангельская
Часть имени, кроме начального элемента ввода Е. В.
Расширение инициалов личного имени Екатерина Владиславовна
701 #1 - ИМЯ ЛИЦА - АЛЬТЕРНАТИВНАЯ ОТВЕТСТВЕННОСТЬ
Начальный элемент ввода Блинкова О. В.
Часть имени, кроме начального элемента ввода О. В.
701 #1 - ИМЯ ЛИЦА - АЛЬТЕРНАТИВНАЯ ОТВЕТСТВЕННОСТЬ
Начальный элемент ввода Брянцева
Часть имени, кроме начального элемента ввода О. В.
Расширение инициалов личного имени Ольга Владимировна
702 #1 - ИМЯ ЛИЦА - ВТОРИЧНАЯ ОТВЕТСТВЕННОСТЬ
Начальный элемент ввода Ересько
Часть имени, кроме начального элемента ввода П. В.
Код отношения Редактор
712 02 - НАИМЕНОВАНИЕ ОРГАНИЗАЦИИ - ВТОРИЧНАЯ ОТВЕТСТВЕННОСТЬ
Код отношения Прочие
Начальный элемент ввода Саратовская государственная юридическая академия
Идентификатор авторитетной/нормативной записи RU\NLR\AUTH\8810201934
Системный номер авторитетной/нормативной записи 292022
942 ## - ДОПОЛНИТЕЛЬНЫЕ ЭЛЕМЕНТЫ ЗАПИСИ (АБИС)
Тип экземпляра АБИС Книга
980 ## - КОЛЛЕКЦИЯ
Название коллекции Национальная библиография

Нет доступных экземпляров.